| 000 | 01645cam a2200409 a 4500 | ||
|---|---|---|---|
| 999 |
_c116151 _d116151 |
||
| 001 | 16549764 | ||
| 003 | OSt | ||
| 005 | 20200613130454.0 | ||
| 008 | 101001s2010 ii b 001 0 eng d | ||
| 010 | _a 2010347338 | ||
| 020 | _a9788178242767 | ||
| 020 | _a8178242761 | ||
| 025 | _aI-E-2010-347338; 68-92; 63-92; 69-92 | ||
| 035 | _a(OCoLC)ocn672225882 | ||
| 035 | _a(OCoLC)672225882 | ||
| 037 | _aLibrary of Congress -- New Delhi Overseas Office | ||
| 040 |
_aDKAGE _beng _cDKAGE _dDLC |
||
| 042 |
_alccopycat _alcode |
||
| 043 | _aa-ii--- | ||
| 050 | 0 | 0 |
_aDS422.C3 _bN25 2010 |
| 082 | 0 | 4 |
_a305.560954 NAG _222 |
| 100 | 1 |
_aNāgarāj, Ḍi. Ār. _q(Doḍḍabaḷḷāpura Rāmayya), _d1954-1998. |
|
| 245 | 1 | 4 |
_aThe flaming feet and other essays : _bThe dalit movement in India / _cD.R. Nagaraj ; edited by Prithvi Datta Chandra Shobhi and with a foreword by Ashis Nandy. |
| 250 | _aRev. and enl. 2nd ed. | ||
| 260 |
_aRanikhet : _bPermanent Black ; _aBangalore : _bDistributed by Orient Blackswan, _c2010. |
||
| 300 |
_axxviii, 254 p. ; _c23 cm. |
||
| 504 | _aIncludes bibliographical references (p. [244]-250) and index. | ||
| 520 | _aChiefly with reference to Karnataka, India. | ||
| 650 | 0 |
_aDalits _xPolitical activity _zIndia _zKarnataka. |
|
| 650 | 0 |
_aKannada literature _xDalit authors _xHistory and criticism. |
|
| 651 | 0 |
_aKarnataka (India) _xSocial conditions. |
|
| 651 | 0 |
_aKarnataka (India) _xPolitics and government. |
|
| 700 | 1 | _aShobhi, Prithvi Datta Chandra. | |
| 906 |
_a7 _bcbc _ccopycat _d3 _encip _f20 _gy-gencatlg |
||
| 942 |
_2ddc _cIR |
||